00678 2200241 4500001002100000005001500021035002000036007000300056008004100059020002200100082000800122084001400130100002500144245011300169250001000282260003300292300003200325650001500357700002100372700002100393990001100414990001100425INLIS00000000000296620190119105738 a0010-0119000318ta190119 g 0 ind  a978-602-8512-33-6 a614 a614 YUS m0 aYUSUF, Alam Romadhon1 aMenjadi Dokter Pribadi di Rumah Sendiri /cYusuf Alam Romadhon; penyunting, Budiman Mustofa, Erlina Z. Zachi acet.1 aSolo :bHasanah Media,c2010 a197 hlm. :bilus. ;c21 cm. aKEDOKTERAN0 aBUDIMAN, Mustofa0 aERLINA, Z. Zachi a6405 a a6405 b